| 000 | 01246cam a2200373 a 4500 | ||
|---|---|---|---|
| 001 | 12258590 | ||
| 003 | EG-ScBUE | ||
| 005 | 20220811112430.0 | ||
| 008 | 001024s2004 enk f 000 1 eng d | ||
| 020 | _a0006514766 | ||
| 020 | _a9780006514763 | ||
| 035 | _a(Uk)0002261731 | ||
| 035 | _a(CStRLIN)UKBPGBA066857-B | ||
| 040 |
_aBDS _beng _erda _cBDS _dUk _dDLC _dEG-ScBUE |
||
| 043 |
_ae-ie--- _af-ua--- |
||
| 082 | 0 | 4 |
_a823.92 _222 _bKEL |
| 100 | 1 |
_aKelly, Cathy, _eauthor. |
|
| 245 | 1 | 0 |
_aSomeone like you / _cCathy Kelly. |
| 264 | 1 |
_aLondon : _bHarper Collins Publishers, _c2004. |
|
| 300 |
_a677 pages ; _c18 cm |
||
| 336 |
_2rdacontent _atext _btxt |
||
| 337 |
_2rdamedia _aunmediated _bn |
||
| 338 |
_2rdacarrier _avolume _bnc |
||
| 650 | 7 |
_aFemale friendship _vFiction. _2BUEsh _939115 |
|
| 650 | 7 |
_aWomen _zIreland _vFiction. _2BUEsh |
|
| 650 | 7 |
_aIrish _zEgypt _vFiction. _2BUEsh |
|
| 651 | 7 |
_aIreland _vFiction. _2BUEsh _939747 |
|
| 651 | 7 |
_aEgypt _vFiction. _2BUEsh |
|
| 653 | _bHHUUEENN | ||
| 655 | 7 |
_aPsychological fiction. _2lcsh _933706 |
|
| 655 | 7 |
_aHumorous stories. _2gsafd |
|
| 942 |
_2ddc _cBB |
||
| 999 |
_c10448 _d10448 |
||